000 00463nam a22001817a 4500
005 20250327103432.0
008 160905b xxu||||| |||| 00| 0 eng d
020 _a978-93-513-4320-2
041 _aeng
082 _a005.133
100 _aBALAGURUSAMY, E.
245 _aPROGRAMMING WITH JAVA: a primer
250 _a5TH ED. 2015
260 _bMc graw hill edu. pvt
_c2015
_anew delhi
300 _a460;P
650 _aINFORMATION TECHNOLGY
_93493
942 _cBK
999 _c5195
_d5193